<?xml version="1.0" encoding="UTF-8"?>
<record
    xmlns:xsi="http://www.w3.org/2001/XMLSchema-instance"
    xsi:schemaLocation="http://www.loc.gov/MARC21/slim http://www.loc.gov/standards/marcxml/schema/MARC21slim.xsd"
    xmlns="http://www.loc.gov/MARC21/slim">

  <leader>00420    a2200121   4500</leader>
  <controlfield tag="001">ART_12904</controlfield>
  <controlfield tag="005">20260410161909.0</controlfield>
  <controlfield tag="008">260409a                                 </controlfield>
  <datafield tag="245" ind1="1" ind2="0">
    <subfield code="a">Herramientas para la administraci&#xF3;n y valuaci&#xF3;n del capital intelectual</subfield>
  </datafield>
  <datafield tag="100" ind1="1" ind2=" ">
    <subfield code="a">Enriquez de Rivera, Sylvia Meljem</subfield>
  </datafield>
  <datafield tag="700" ind1="1" ind2=" ">
    <subfield code="a">Alcal&#xE1; Canto, Mar&#xED;a Iztchel</subfield>
  </datafield>
  <datafield tag="773" ind1="0" ind2=" ">
    <subfield code="t">Costos y gesti&#xF3;n</subfield>
    <subfield code="g">- A&#xF1;o 13, N&#xBA; 53 (sep. 2004)</subfield>
    <subfield code="w">REV12786</subfield>
  </datafield>
  <datafield tag="999" ind1=" " ind2=" ">
    <subfield code="c">26665</subfield>
    <subfield code="d">26665</subfield>
  </datafield>
</record>
